[Event "Campeonato España Sub 14"]
[Site "Salobreña"]
[Date "2017.07.17"]
[Round "2"]
[White "Riu Lopez, Sergi"]
[Black "Ponseti Lluch, Joan"]
[Result "1/2-1/2"]
[Board "17"]
[WhiteClock "1:30"]
[WhiteElo "1982"]
[WhiteCountry "ESP"]
[WhiteFideId "32087047"]
[WhiteEloChange "-8"]
[BlackClock "1:30"]
[BlackElo "1633"]
[BlackCountry "ESP"]
[BlackFideId "32088345"]
[BlackEloChange "8"]

1. e4 {[%clk 1:30:00]} c5 {[%clk 1:30:00]} 2. c3 {[%clk 1:31:00]} Nf6 {[%clk
1:31:00]} 3. e5 {[%clk 1:31:00]} Nd5 {[%clk 1:31:00]} 4. Nf3 {[%clk 1:31:00]} Nc6
{[%clk 1:32:00]} 5. d4 {[%clk 1:31:00]} cxd4 {[%clk 1:32:00]} 6. Bc4 {[%clk
1:31:00]} Nb6 {[%clk 1:32:00]} 7. Bb3 {[%clk 1:32:00]} d5 {[%clk 1:33:00]} 8.
exd6 {[%clk 1:32:00]} Qxd6 {[%clk 1:33:00]} 9. O-O {[%clk 1:31:00]} Bg4 {[%clk
1:31:00]} 10. Bxf7+ {[%clk 1:22:00]} Kxf7 {[%clk 1:25:00]} 11. Ng5+ {[%clk
1:21:00]} Ke8 {[%clk 1:24:00]} 12. Qxg4 {[%clk 1:22:00]} Qg6 {[%clk 1:22:00]} 13.
cxd4 {[%clk 1:19:00]} h6 {[%clk 1:19:00]} 14. Qe6 {[%clk 1:19:00]} Qf6 {[%clk
1:19:00]} 15. Qxf6 {[%clk 1:15:00]} exf6 {[%clk 1:18:00]} 16. Re1+ {[%clk
1:14:00]} Be7 {[%clk 1:17:00]} 17. Ne6 {[%clk 1:12:00]} Kf7 {[%clk 1:17:00]} 18.
Nc3 {[%clk 1:10:00]} Nb4 {[%clk 1:14:00]} 19. Re2 {[%clk 1:08:00]} N4d5 {[%clk
1:15:00]} 20. Bd2 {[%clk 1:05:00]} Rac8 {[%clk 1:12:00]} 21. Rae1 {[%clk
0:53:00]} Rhe8 {[%clk 1:05:00]} 22. Nc5 {[%clk 0:40:00]} Bxc5 {[%clk 0:56:00]}
23. Rxe8 {[%clk 0:40:00]} Rxe8 {[%clk 0:56:00]} 24. Rxe8 {[%clk 0:40:00]} Kxe8
{[%clk 0:56:00]} 25. dxc5 {[%clk 0:40:00]} Nc4 {[%clk 0:56:00]} 26. Nxd5 {[%clk
0:37:00]} Nxd2 {[%clk 0:56:00]} 27. f3 {[%clk 0:27:00]} Nc4 {[%clk 0:54:00]} 28.
b3 {[%clk 0:26:00]} Ne5 {[%clk 0:54:00]} 29. Kf2 {[%clk 0:26:00]} Nd3+ {[%clk
0:54:00]} 30. Ke3 {[%clk 0:26:00]} Nxc5 {[%clk 0:54:00]} 31. Nf4 {[%clk 0:20:00]}
Kf7 {[%clk 0:48:00]} 32. b4 {[%clk 0:17:40]} Ne6 {[%clk 0:45:00]} 33. Nd5 {[%clk
0:17:47]} f5 {[%clk 0:44:00]} 34. f4 {[%clk 0:15:39]} Ke8 {[%clk 0:36:00]} 35. a4
{[%clk 0:09:42]} Kd7 {[%clk 0:33:00]} 36. Kd3 {[%clk 0:08:59]} Kd6 {[%clk
0:30:00]} 37. Kc4 {[%clk 0:09:27]} b6 {[%clk 0:14:05]} 38. g3 {[%clk 0:09:05]} g6
{[%clk 0:11:01]} 39. Nc3 {[%clk 0:07:16]} Nc7 {[%clk 0:06:57]} 40. Ne2 {[%clk
0:02:37]} a6 {[%clk 0:06:27]} 41. Nd4 {[%clk 0:01:57]} Ne6 {[%clk 0:05:38]} 42.
Nf3 {[%clk 0:01:59]} h5 {[%clk 0:03:57]} 43. Ne5 {[%clk 0:02:06]} Nf8 {[%clk
0:04:16]} 44. Kd4 {[%clk 0:01:44]} Ne6+ {[%clk 0:03:27]} 45. Kc4 {[%clk 0:02:12]}
Nf8 {[%clk 0:03:47]} 46. h3 {[%clk 0:02:22]} Ke6 {[%clk 0:01:52]} 47. Kd4 {[%clk
0:02:45]} Kd6 {[%clk 0:01:47]} 48. Nc4+ {[%clk 0:02:37]} Kc6 {[%clk 0:02:01]} 49.
Ne5+ {[%clk 0:02:21]} Kd6 {[%clk 0:02:28]} 50. Kc4 {[%clk 0:02:41]} Ke6 {[%clk
0:02:18]} 51. b5 {[%clk 0:02:47]} a5 {[%clk 0:02:40]} 52. Kd4 {[%clk 0:03:05]}
Kd6 {[%clk 0:01:10]} 53. Nc4+ {[%clk 0:03:29]} Kc7 {[%clk 0:01:31]} 54. Kd5
{[%clk 0:02:50]} Nd7 {[%clk 0:01:23]} 55. Ne5 {[%clk 0:02:03]} Nc5 {[%clk
0:01:24]} 56. Nxg6 {[%clk 0:00:54]} Nxa4 {[%clk 0:00:59]} 57. Ne7 {[%clk
0:00:37]} Nc5 {[%clk 0:00:50]} 58. Nxf5 {[%clk 0:00:47]} a4 {[%clk 0:01:15]} 59.
Kc4 {[%clk 0:00:51]} a3 {[%clk 0:02:36]} 60. Kc3 {[%clk 0:01:34]} a2 {[%clk
0:01:50]} 61. Kb2 {[%clk 0:01:59]} Na4+ {[%clk 0:02:04]} 62. Kxa2 {[%clk
0:02:11]} Nc3+ {[%clk 0:02:32]} 63. Kb3 {[%clk 0:02:32]} Nxb5 {[%clk 0:02:58]}
64. Ng7 {[%clk 0:02:30]} h4 {[%clk 0:03:02]} 65. g4 {[%clk 0:02:09]} Nd4+ {[%clk
0:03:20]} 66. Kc4 {[%clk 0:01:25]} Ne2 {[%clk 0:03:02]} 67. f5 {[%clk 0:00:45]}
Nf4 {[%clk 0:03:15]} 68. f6 {[%clk 0:02:52]} Kd7 {[%clk 0:03:21]} 69. Nf5 {[%clk
0:00:47]} Ke8 {[%clk 0:03:23]} 70. Nxh4 {[%clk 0:00:46]} Nxh3 {[%clk 0:03:46]}
71. Nf3 {[%clk 0:00:35]} Kf7 {[%clk 0:03:58]} 72. g5 {[%clk 0:00:32]} Nxg5 {[%clk
0:04:21]} 73. Nxg5+ {[%clk 0:01:02]} Kxf6 {[%clk 0:04:21]} 1/2-1/2

[Event "Campeonato España Sub 14"]
[Site "Salobreña"]
[Date "2017.07.17"]
[Round "2"]
[White "Duller Llopis, Jouke"]
[Black "Ros Alonso, Joana"]
[Result "0-1"]
[Board "18"]
[WhiteClock "1:30"]
[WhiteElo "1631"]
[WhiteCountry "ESP"]
[WhiteFideId "32048998"]
[WhiteEloChange "-3"]
[BlackClock "1:30"]
[BlackElo "1966"]
[BlackCountry "ESP"]
[BlackFideId "32013426"]
[BlackEloChange "3"]

1. d4 {[%clk 1:30:00]} Nf6 {[%clk 1:30:00]} 2. Nf3 {[%clk 1:31:00]} g6 {[%clk
1:31:00]} 3. Nbd2 {[%clk 1:31:00]} d5 {[%clk 1:31:00]} 4. e3 {[%clk 1:31:00]} Bg7
{[%clk 1:31:00]} 5. Bd3 {[%clk 1:31:00]} O-O {[%clk 1:32:00]} 6. O-O {[%clk
1:31:00]} Nbd7 {[%clk 1:32:00]} 7. c3 {[%clk 1:30:00]} c5 {[%clk 1:31:00]} 8. b4
{[%clk 1:29:00]} e5 {[%clk 1:18:00]} 9. Nxe5 {[%clk 0:59:00]} Nxe5 {[%clk
1:15:00]} 10. dxe5 {[%clk 0:59:00]} Ng4 {[%clk 1:15:00]} 11. Be2 {[%clk 0:57:00]}
Nxe5 {[%clk 1:14:00]} 12. Bb2 {[%clk 0:47:00]} Be6 {[%clk 1:06:00]} 13. Nb3
{[%clk 0:38:00]} c4 {[%clk 0:45:00]} 14. Nd4 {[%clk 0:30:00]} Qc7 {[%clk
0:36:00]} 15. f4 {[%clk 0:26:00]} Nc6 {[%clk 0:35:00]} 16. Nxe6 {[%clk 0:19:23]}
fxe6 {[%clk 0:36:00]} 17. g3 {[%clk 0:18:10]} Qb6 {[%clk 0:18:34]} 18. Qc1 {[%clk
0:16:06]} a5 {[%clk 0:17:52]} 19. a3 {[%clk 0:13:45]} axb4 {[%clk 0:15:36]} 20.
axb4 {[%clk 0:13:24]} Rxa1 {[%clk 0:15:35]} 21. Bxa1 {[%clk 0:13:39]} Ra8 {[%clk
0:15:50]} 22. Qd2 {[%clk 0:11:37]} Nxb4 {[%clk 0:14:05]} 23. Qb2 {[%clk 0:10:56]}
Ra2 {[%clk 0:12:27]} 24. Qxb4 {[%clk 0:09:38]} Qxb4 {[%clk 0:12:39]} 25. cxb4
{[%clk 0:09:55]} Rxe2 {[%clk 0:12:50]} 26. Bxg7 {[%clk 0:09:05]} Kxg7 {[%clk
0:13:08]} 27. Ra1 {[%clk 0:09:30]} Rb2 {[%clk 0:13:15]} 28. Ra4 {[%clk 0:09:33]}
c3 {[%clk 0:13:15]} 0-1

[Event "Campeonato España Sub 14"]
[Site "Salobreña"]
[Date "2017.07.17"]
[Round "2"]
[White "Masague Artero, Guerau"]
[Black "Morejon Ramirez, Laura"]
[Result "1-0"]
[Board "19"]
[WhiteClock "1:30"]
[WhiteElo "1965"]
[WhiteCountry "ESP"]
[WhiteFideId "32098952"]
[WhiteEloChange "2"]
[BlackClock "1:30"]
[BlackElo "1626"]
[BlackCountry "ESP"]
[BlackFideId "24560308"]
[BlackEloChange "-2"]

1. d4 {[%clk 1:30:00]} d6 {[%clk 1:30:00]} 2. Nf3 {[%clk 1:30:00]} Nd7 {[%clk
1:31:00]} 3. g3 {[%clk 1:29:00]} g6 {[%clk 1:31:00]} 4. Bg2 {[%clk 1:29:00]} Bg7
{[%clk 1:31:00]} 5. O-O {[%clk 1:29:00]} Ngf6 {[%clk 1:30:00]} 6. c4 {[%clk
1:29:00]} O-O {[%clk 1:30:00]} 7. Nc3 {[%clk 1:29:00]} Re8 {[%clk 1:28:00]} 8. e4
{[%clk 1:26:00]} e5 {[%clk 1:28:00]} 9. d5 {[%clk 1:26:00]} Nc5 {[%clk 1:27:00]}
10. Ne1 {[%clk 1:26:00]} Rf8 {[%clk 1:22:00]} 11. b4 {[%clk 1:26:00]} Ncd7 {[%clk
1:22:00]} 12. Rb1 {[%clk 1:25:00]} b6 {[%clk 1:18:00]} 13. Nd3 {[%clk 1:22:00]}
Bb7 {[%clk 1:17:00]} 14. Be3 {[%clk 1:20:00]} Rb8 {[%clk 1:10:00]} 15. Qa4 {[%clk
1:16:00]} a6 {[%clk 1:04:00]} 16. c5 {[%clk 1:13:00]} bxc5 {[%clk 1:01:00]} 17.
bxc5 {[%clk 1:12:00]} Bc8 {[%clk 1:02:00]} 18. Rxb8 {[%clk 1:12:00]} Nxb8 {[%clk
1:02:00]} 19. Rb1 {[%clk 1:12:00]} Nbd7 {[%clk 1:01:00]} 20. c6 {[%clk 1:12:00]}
Nb6 {[%clk 1:01:00]} 21. Qb3 {[%clk 1:12:00]} Ng4 {[%clk 0:57:00]} 22. Bxb6
{[%clk 1:11:00]} cxb6 {[%clk 0:56:00]} 23. Qxb6 {[%clk 1:09:00]} Qxb6 {[%clk
0:55:00]} 24. Rxb6 {[%clk 1:09:00]} f5 {[%clk 0:55:00]} 25. Rb8 {[%clk 0:56:00]}
fxe4 {[%clk 0:54:00]} 26. Nxe4 {[%clk 0:55:00]} Bf5 {[%clk 0:52:00]} 27. Rxf8+
{[%clk 0:55:00]} Kxf8 {[%clk 0:52:00]} 28. Nxd6 {[%clk 0:54:00]} Bxd3 {[%clk
0:51:00]} 29. c7 {[%clk 0:55:00]} Bf5 {[%clk 0:51:00]} 30. Nxf5 {[%clk 0:55:00]}
gxf5 {[%clk 0:52:00]} 31. c8Q+ {[%clk 0:56:00]} Ke7 {[%clk 0:51:00]} 32. Qe6+
{[%clk 0:56:00]} Kf8 {[%clk 0:52:00]} 33. Qxf5+ {[%clk 0:56:00]} Nf6 {[%clk
0:52:00]} 34. Qxe5 {[%clk 0:57:00]} Kf7 {[%clk 0:49:00]} 35. Qe6+ {[%clk
0:57:00]} Kg6 {[%clk 0:49:00]} 36. Be4+ {[%clk 0:57:00]} Kh6 {[%clk 0:49:00]} 37.
h4 {[%clk 0:58:00]} Bh8 {[%clk 0:47:00]} 38. d6 {[%clk 0:58:00]} Kh5 {[%clk
0:47:00]} 39. Qf7+ {[%clk 0:58:00]} Kh6 {[%clk 0:46:00]} 40. d7 {[%clk 0:58:00]}
Bg7 {[%clk 0:47:00]} 41. d8Q {[%clk 0:58:00]} Nxe4 {[%clk 0:46:00]} 42. Qdg8
{[%clk 0:59:00]} Nf6 {[%clk 0:44:00]} 43. Qgxg7# {[%clk 0:59:00]} 1-0

[Event "Campeonato España Sub 14"]
[Site "Salobreña"]
[Date "2017.07.17"]
[Round "2"]
[White "Del Carmen Hernandez, Aimer"]
[Black "Carbonell Sancho, Marc"]
[Result "0-1"]
[Board "20"]
[WhiteClock "1:30"]
[WhiteElo "1625"]
[WhiteCountry "ESP"]
[WhiteFideId "32097034"]
[WhiteEloChange "-3"]
[BlackClock "1:30"]
[BlackElo "1943"]
[BlackCountry "ESP"]
[BlackFideId "32029969"]
[BlackEloChange "3"]

1. e4 {[%clk 1:30:00]} c5 {[%clk 1:30:00]} 2. Nf3 {[%clk 1:31:00]} Nc6 {[%clk
1:31:00]} 3. d4 {[%clk 1:31:00]} cxd4 {[%clk 1:31:00]} 4. Nxd4 {[%clk 1:32:00]}
g6 {[%clk 1:32:00]} 5. Nc3 {[%clk 1:31:00]} Bg7 {[%clk 1:32:00]} 6. Be3 {[%clk
1:32:00]} Nf6 {[%clk 1:33:00]} 7. Bc4 {[%clk 1:32:00]} O-O {[%clk 1:33:00]} 8.
Bb3 {[%clk 1:31:00]} d6 {[%clk 1:33:00]} 9. f3 {[%clk 1:31:00]} Bd7 {[%clk
1:34:00]} 10. Qd2 {[%clk 1:30:00]} Nxd4 {[%clk 1:34:00]} 11. Bxd4 {[%clk
1:31:00]} b5 {[%clk 1:35:00]} 12. a4 {[%clk 1:30:00]} bxa4 {[%clk 1:35:00]} 13.
Bxa4 {[%clk 1:30:00]} Bxa4 {[%clk 1:35:00]} 14. Rxa4 {[%clk 1:30:00]} Qb8 {[%clk
1:36:00]} 15. b3 {[%clk 1:29:00]} Rc8 {[%clk 1:32:00]} 16. O-O {[%clk 1:27:00]}
Qb7 {[%clk 1:32:00]} 17. Rfa1 {[%clk 1:25:00]} a6 {[%clk 1:33:00]} 18. Qd3 {[%clk
1:23:00]} Rc6 {[%clk 1:33:00]} 19. R1a3 {[%clk 0:58:00]} Nd7 {[%clk 1:29:00]} 20.
Bxg7 {[%clk 0:57:00]} Kxg7 {[%clk 1:30:00]} 21. Nd5 {[%clk 0:56:00]} Nc5 {[%clk
1:23:00]} 22. Qc3+ {[%clk 0:54:00]} Kg8 {[%clk 1:20:00]} 23. Rc4 {[%clk 0:53:00]}
Rac8 {[%clk 1:19:00]} 24. Nb4 {[%clk 0:42:00]} R6c7 {[%clk 1:10:00]} 25. Nd5
{[%clk 0:42:00]} Rc6 {[%clk 1:05:00]} 26. Nb4 {[%clk 0:42:00]} Nxe4 {[%clk
1:04:00]} 27. fxe4 {[%clk 0:42:00]} Rxc4 {[%clk 1:05:00]} 28. bxc4 {[%clk
0:42:00]} Qxe4 {[%clk 1:05:00]} 29. Rxa6 {[%clk 0:40:00]} e5 {[%clk 1:05:00]} 30.
Nd5 {[%clk 0:37:00]} Qxd5 {[%clk 1:04:00]} 31. cxd5 {[%clk 0:36:00]} Rxc3 {[%clk
1:05:00]} 32. Rxd6 {[%clk 0:36:00]} Rxc2 {[%clk 1:05:00]} 33. Rd7 {[%clk
0:31:00]} Kg7 {[%clk 1:04:00]} 34. d6 {[%clk 0:31:00]} Rd2 {[%clk 1:05:00]} 35.
Kf1 {[%clk 0:31:00]} Kf6 {[%clk 1:05:00]} 36. h3 {[%clk 0:31:00]} g5 {[%clk
1:03:00]} 37. Kg1 {[%clk 0:31:00]} h5 {[%clk 1:03:00]} 38. Kf1 {[%clk 0:31:00]}
h4 {[%clk 1:03:00]} 39. Kg1 {[%clk 0:31:00]} Rd4 {[%clk 1:02:00]} 40. Rd8 {[%clk
0:30:00]} Ke6 {[%clk 1:02:00]} 41. Rg8 {[%clk 0:29:00]} f6 {[%clk 1:03:00]} 42.
Kf2 {[%clk 0:30:00]} Kxd6 {[%clk 1:03:00]} 43. Ke3 {[%clk 0:29:00]} Ra4 {[%clk
1:03:00]} 44. Rd8+ {[%clk 0:28:00]} Ke6 {[%clk 1:04:00]} 45. Rd2 {[%clk 0:29:00]}
Ra3+ {[%clk 1:04:00]} 46. Kf2 {[%clk 0:29:00]} e4 {[%clk 1:04:00]} 47. Rb2 {[%clk
0:29:00]} Ke5 {[%clk 1:04:00]} 48. Ke2 {[%clk 0:28:00]} f5 {[%clk 1:04:00]} 49.
Kf2 {[%clk 0:28:00]} Kf4 {[%clk 1:04:00]} 50. Rc2 {[%clk 0:27:00]} Rb3 {[%clk
1:03:00]} 51. Ra2 {[%clk 0:27:00]} Rd3 {[%clk 1:03:00]} 52. Ke2 {[%clk 0:27:00]}
Kg3 {[%clk 1:03:00]} 53. Ra5 {[%clk 0:26:00]} Kxg2 {[%clk 1:03:00]} 54. Rxf5
{[%clk 0:26:00]} Rg3 {[%clk 1:03:00]} 55. Re5 {[%clk 0:26:00]} e3 {[%clk
1:03:00]} 56. Rxe3 {[%clk 0:26:00]} Rxe3+ {[%clk 1:03:00]} 57. Kxe3 {[%clk
0:26:00]} Kxh3 {[%clk 1:03:00]} 58. Kf2 {[%clk 0:26:00]} g4 {[%clk 1:03:00]} 59.
Kg1 {[%clk 0:26:00]} Kg3 {[%clk 1:03:00]} 0-1

[Event "Campeonato España Sub 14"]
[Site "Salobreña"]
[Date "2017.07.17"]
[Round "2"]
[White "Alvarez Albiol, Victor"]
[Black "Gomila Benejam, Doro"]
[Result "1-0"]
[Board "21"]
[WhiteClock "n/a"]
[WhiteElo "1921"]
[WhiteCountry "ESP"]
[WhiteFideId "32065930"]
[WhiteEloChange "3"]
[BlackClock "n/a"]
[BlackElo "1624"]
[BlackCountry "ESP"]
[BlackFideId "32088337"]
[BlackEloChange "-3"]

1. e4 {[%clk 1:30:30]} c5 {[%clk 1:30:30]} 2. Nf3 {[%clk 1:30:30]} d6 {[%clk
1:30:30]} 3. d4 {[%clk 1:30:30]} cxd4 {[%clk 1:30:30]} 4. Nxd4 {[%clk 1:30:30]}
Nf6 {[%clk 1:30:30]} 5. Nc3 {[%clk 1:30:30]} a6 {[%clk 1:30:30]} 6. g3 {[%clk
1:30:30]} e6 {[%clk 1:30:30]} 7. Bg2 {[%clk 1:30:30]} Be7 {[%clk 1:30:30]} 8. O-O
{[%clk 1:30:30]} O-O {[%clk 1:30:30]} 9. Re1 {[%clk 1:30:30]} Qc7 {[%clk
1:30:30]} 10. Qe2 {[%clk 1:30:30]} Bd7 {[%clk 1:30:30]} 11. a4 {[%clk 1:30:30]}
Nc6 {[%clk 1:30:30]} 12. Nxc6 {[%clk 1:30:30]} Bxc6 {[%clk 1:30:30]} 13. Bf4
{[%clk 1:30:30]} Nd7 {[%clk 1:30:30]} 14. Nd5 {[%clk 1:30:30]} Bxd5 {[%clk
1:30:30]} 15. exd5 {[%clk 1:30:30]} e5 {[%clk 1:30:30]} 16. Be3 {[%clk 1:30:30]}
Rac8 {[%clk 1:30:30]} 17. Rec1 {[%clk 1:30:30]} Nb6 {[%clk 1:30:30]} 18. b3
{[%clk 1:30:30]} Bf6 {[%clk 1:30:30]} 19. a5 {[%clk 1:30:30]} Nd7 {[%clk
1:30:30]} 20. Be4 {[%clk 1:30:30]} g6 {[%clk 1:30:30]} 21. Bh6 {[%clk 1:30:30]}
Bg7 {[%clk 1:30:30]} 22. Bxg7 {[%clk 1:30:30]} Kxg7 {[%clk 1:30:30]} 23. c4
{[%clk 1:30:30]} f5 {[%clk 1:30:30]} 24. Bg2 {[%clk 1:30:30]} Qb8 {[%clk
1:30:30]} 25. b4 {[%clk 1:30:30]} b6 {[%clk 1:30:30]} 26. axb6 {[%clk 1:30:30]}
Qxb6 {[%clk 1:30:30]} 27. Qd2 {[%clk 1:30:30]} Rc7 {[%clk 1:30:30]} 28. Ra5
{[%clk 1:30:30]} Rfc8 {[%clk 1:30:30]} 29. Bf1 {[%clk 1:30:30]} Nb8 {[%clk
1:30:30]} 30. Qc3 {[%clk 1:30:30]} Qb7 {[%clk 1:30:30]} 31. Qa3 {[%clk 1:30:30]}
Rd8 {[%clk 1:30:30]} 32. Rd1 {[%clk 1:30:30]} Rcd7 {[%clk 1:30:30]} 33. Qc3
{[%clk 1:30:30]} Re7 {[%clk 1:30:30]} 34. Bg2 {[%clk 1:30:30]} Qc8 {[%clk
1:30:30]} 35. c5 {[%clk 1:30:30]} dxc5 {[%clk 1:30:30]} 36. Rxc5 {[%clk 1:30:30]}
Qd7 {[%clk 1:30:30]} 37. d6 {[%clk 1:30:30]} Rf7 {[%clk 1:30:30]} 38. Qxe5+
{[%clk 1:30:30]} 1-0

[Event "Campeonato España Sub 14"]
[Site "Salobreña"]
[Date "2017.07.17"]
[Round "2"]
[White "Ribera Veganzones, Josep Maria"]
[Black "Barragan Arriaza, Pablo"]
[Result "0-1"]
[Board "22"]
[WhiteClock "1:30"]
[WhiteElo "1622"]
[WhiteCountry "AND"]
[WhiteFideId "6900763"]
[WhiteEloChange "-3"]
[BlackClock "1:30"]
[BlackElo "1916"]
[BlackCountry "ESP"]
[BlackFideId "32057130"]
[BlackEloChange "3"]

1. e4 {[%clk 1:30:00]} e5 {[%clk 1:30:00]} 2. Nf3 {[%clk 1:31:00]} Nc6 {[%clk
1:31:00]} 3. Bb5 {[%clk 1:31:00]} a6 {[%clk 1:31:00]} 4. Ba4 {[%clk 1:31:00]} Nf6
{[%clk 1:31:00]} 5. d3 {[%clk 1:31:00]} b5 {[%clk 1:31:00]} 6. Bb3 {[%clk
1:32:00]} Be7 {[%clk 1:31:00]} 7. c3 {[%clk 1:32:00]} d6 {[%clk 1:32:00]} 8. O-O
{[%clk 1:32:00]} Na5 {[%clk 1:32:00]} 9. Bc2 {[%clk 1:32:00]} c5 {[%clk 1:32:00]}
10. Re1 {[%clk 1:32:00]} O-O {[%clk 1:31:00]} 11. Nbd2 {[%clk 1:31:00]} Nc6
{[%clk 1:30:00]} 12. Nf1 {[%clk 1:30:00]} Re8 {[%clk 1:29:00]} 13. Ne3 {[%clk
1:30:00]} h6 {[%clk 1:27:00]} 14. Nd5 {[%clk 1:25:00]} Nxd5 {[%clk 1:08:00]} 15.
exd5 {[%clk 1:25:00]} Nb8 {[%clk 1:08:00]} 16. c4 {[%clk 1:22:00]} Nd7 {[%clk
1:04:00]} 17. b3 {[%clk 1:19:00]} f5 {[%clk 1:01:00]} 18. Bb2 {[%clk 1:16:00]}
Nf6 {[%clk 0:59:00]} 19. Nd2 {[%clk 1:08:00]} g5 {[%clk 0:52:00]} 20. f4 {[%clk
1:06:00]} gxf4 {[%clk 0:48:00]} 21. Qf3 {[%clk 1:04:00]} Kh7 {[%clk 0:42:00]} 22.
Bd1 {[%clk 0:56:00]} Rg8 {[%clk 0:39:00]} 23. b4 {[%clk 0:51:00]} cxb4 {[%clk
0:26:00]} 24. c5 {[%clk 0:51:00]} Bb7 {[%clk 0:26:00]} 25. c6 {[%clk 0:51:00]}
Qb6+ {[%clk 0:25:00]} 26. d4 {[%clk 0:50:00]} Bc8 {[%clk 0:24:00]} 27. Kh1 {[%clk
0:50:00]} e4 {[%clk 0:21:00]} 28. Qxf4 {[%clk 0:48:00]} Nxd5 {[%clk 0:22:00]} 29.
Qf1 {[%clk 0:47:00]} Bg5 {[%clk 0:20:00]} 30. Nxe4 {[%clk 0:47:00]} Qxc6 {[%clk
0:14:58]} 31. Rc1 {[%clk 0:47:00]} Bxc1 {[%clk 0:15:03]} 32. Bxc1 {[%clk
0:45:00]} fxe4 {[%clk 0:08:24]} 33. Bh5 {[%clk 0:44:00]} Rg7 {[%clk 0:03:26]} 34.
Rxe4 {[%clk 0:43:00]} Nf6 {[%clk 0:03:25]} 35. Qf4 {[%clk 0:41:00]} Qxe4 {[%clk
0:03:26]} 36. Qxh6+ {[%clk 0:41:00]} Kg8 {[%clk 0:03:26]} 0-1

[Event "Campeonato España Sub 14"]
[Site "Salobreña"]
[Date "2017.07.17"]
[Round "2"]
[White "Escartin Lacasa, Jose"]
[Black "Atipov Hadzhiev, Cristian"]
[Result "1-0"]
[Board "23"]
[WhiteClock "1:30"]
[WhiteElo "1906"]
[WhiteCountry "ESP"]
[WhiteFideId "32080042"]
[WhiteEloChange "3"]
[BlackClock "1:30"]
[BlackElo "1618"]
[BlackCountry "ESP"]
[BlackFideId "24543810"]
[BlackEloChange "-3"]

1. d4 {[%clk 1:30:00]} Nf6 {[%clk 1:30:00]} 2. Nf3 {[%clk 1:31:00]} c5 {[%clk
1:31:00]} 3. e3 {[%clk 1:31:00]} d5 {[%clk 1:31:00]} 4. c3 {[%clk 1:29:00]} Nc6
{[%clk 1:31:00]} 5. dxc5 {[%clk 1:28:00]} e6 {[%clk 1:30:00]} 6. b4 {[%clk
1:28:00]} a5 {[%clk 1:29:00]} 7. b5 {[%clk 1:28:00]} Nb8 {[%clk 1:28:00]} 8. Ba3
{[%clk 1:28:00]} Qc7 {[%clk 1:26:00]} 9. b6 {[%clk 1:28:00]} Qc6 {[%clk 1:26:00]}
10. Ne5 {[%clk 1:28:00]} Qxc5 {[%clk 1:24:00]} 11. Bxc5 {[%clk 1:28:00]} Bxc5
{[%clk 1:25:00]} 12. Bb5+ {[%clk 1:26:00]} Nbd7 {[%clk 1:24:00]} 13. Qa4 {[%clk
1:25:00]} Bxb6 {[%clk 1:20:00]} 14. Nd2 {[%clk 1:26:00]} Bc7 {[%clk 1:19:00]} 15.
Ndf3 {[%clk 1:26:00]} Ke7 {[%clk 1:18:00]} 16. Nxd7 {[%clk 1:26:00]} Nxd7 {[%clk
1:17:00]} 17. O-O {[%clk 1:26:00]} Rd8 {[%clk 1:17:00]} 18. c4 {[%clk 1:26:00]}
Nb6 {[%clk 1:17:00]} 19. Qa3+ {[%clk 1:26:00]} Kf6 {[%clk 1:11:00]} 20. Rfd1
{[%clk 1:26:00]} g6 {[%clk 1:11:00]} 21. Rac1 {[%clk 1:26:00]} Kg7 {[%clk
1:11:00]} 22. cxd5 {[%clk 1:26:00]} Bd6 {[%clk 1:09:00]} 23. Qc3+ {[%clk
1:25:00]} Kg8 {[%clk 1:09:00]} 24. Qf6 {[%clk 1:25:00]} Bd7 {[%clk 1:08:00]} 25.
Ng5 {[%clk 1:24:00]} Rf8 {[%clk 1:08:00]} 26. Nxh7 {[%clk 1:15:00]} Nxd5 {[%clk
0:56:00]} 27. Rxd5 {[%clk 1:15:00]} exd5 {[%clk 0:57:00]} 28. Bxd7 {[%clk
1:15:00]} Ba3 {[%clk 0:56:00]} 29. Nxf8 {[%clk 1:11:00]} Bxf8 {[%clk 0:53:00]}
30. Be6 {[%clk 1:11:00]} 1-0